000
00285nam a22001217a 4500
003
NUST
082
_a
297,KAH
100
_a
Khan, Abdul Waheed
245
_a
Qurani Malmoot /
_c
Abdul Waheed Khan,
260
_a
Pakistan
_b
Karachi
650
_a
Qurani Malmoot
_9
109286
942
_2
ddc
_c
BK
999
_c
593383
_d
593383